[Event "ECC Grp 3"]
[Site "Slough"]
[Date "1997.09.19"]
[Round "1"]
[White "Hodgson, Julian"]
[Black "Welling, Gerard"]
[Result "1/2-1/2"]
[WhiteElo "2595"]
[BlackElo "2355"]
[PlyCount "106"]
[EventDate "1997.09.19"]

1. d4 d5 2. Nf3 Bf5 3. c4 e6 4. Nc3 c6 5. Qb3 Qb6 6. c5 Qc7 7. Bf4 Qc8 8. g3
Nf6 9. Bg2 Be7 10. Nh4 Bg6 11. Nxg6 hxg6 12. Qc2 Nbd7 13. b4 Nh5 14. Be3 a5 15.
b5 b6 16. Rc1 O-O 17. a4 Nhf6 18. O-O Ng4 19. Bf4 bxc5 20. dxc5 Bxc5 21. bxc6
Qxc6 22. e4 e5 23. Nxd5 Qd6 24. Bg5 f6 25. Qe2 Nxf2 26. Be3 Bxe3 27. Nxe3 Nd3
28. Rfd1 N7c5 29. Rxc5 Qxc5 30. Rxd3 Rfd8 31. h4 Rd4 32. Kh2 Rad8 33. Nd5 Qc4
34. Bf1 Rxd3 35. Qxd3 Qxd3 36. Bxd3 Kf8 37. Kg2 Rb8 38. Bb5 Rc8 39. Ne3 Rc3 40.
Nc4 Rc2+ 41. Kf3 Rc3+ 42. Kg4 Ke7 43. Nxa5 Ke6 44. Bc4+ Kd6 45. Bf7 f5+ 46.
exf5 gxf5+ 47. Kxf5 Rf3+ 48. Kg6 Rxg3+ 49. Kh7 e4 50. Nc4+ Kc5 51. h5 e3 52.
Nxe3 Rxe3 53. Kxg7 Kb4 1/2-1/2

[Event "ECC Grp 3"]
[Site "Slough"]
[Date "1997.09.19"]
[Round "1"]
[White "Van der Plassche, Bas"]
[Black "Kuijf, Rini"]
[Result "1/2-1/2"]
[WhiteElo "2335"]
[BlackElo "2460"]
[PlyCount "52"]
[EventDate "1997.09.19"]

1. e4 e6 2. d4 d5 3. Nc3 Nf6 4. Bg5 Be7 5. e5 Nfd7 6. h4 Bxg5 7. hxg5 Qxg5 8.
Nh3 Qe7 9. Nf4 Nc6 10. Bb5 Qb4 11. Bxc6 bxc6 12. Rh3 c5 13. Nd3 Qc4 14. dxc5
Nxc5 15. Nxc5 Qxc5 16. Qg4 g6 17. O-O-O Bd7 18. Qf4 Qe7 19. Rh6 O-O-O 20. Rdh1
Bc6 21. Qd4 Qg5+ 22. f4 Qxg2 23. R6h2 Qf3 24. Rh3 Qg2 25. R3h2 Qf3 26. Rh3 Qg2
1/2-1/2

[Event "ECC Grp 3"]
[Site "Slough"]
[Date "1997.09.19"]
[Round "1"]
[White "Bosboom, Manuel"]
[Black "Van Schaardenburg, Mark"]
[Result "1-0"]
[WhiteElo "2430"]
[BlackElo "2245"]
[PlyCount "73"]
[EventDate "1997.09.19"]

1. d4 Nf6 2. c4 e5 3. dxe5 Ng4 4. Bf4 Nc6 5. Nf3 Bb4+ 6. Nbd2 Qe7 7. e3 Ngxe5
8. Nxe5 Nxe5 9. Be2 b6 10. O-O Bxd2 11. Qxd2 Bb7 12. Qc3 Ng6 13. Bg3 O-O 14. b4
Rfe8 15. Rfd1 d6 16. c5 dxc5 17. bxc5 Rad8 18. h3 Rxd1+ 19. Rxd1 Nf8 20. c6 Bc8
21. Rd5 Be6 22. Rd2 f6 23. Qd4 Qf7 24. Qf4 g6 25. a4 Kg7 26. Bb5 Re7 27. Rd8
Bf5 28. Qb4 Re4 29. Qd2 Re7 30. Qc3 g5 31. h4 h6 32. Bc4 Be6 33. Bd3 Ba2 34.
Bf5 Ne6 35. Ra8 a5 36. Qd2 Nc5 37. Qd8 1-0

[Event "ECC Grp 3"]
[Site "Slough"]
[Date "1997.09.19"]
[Round "1"]
[White "Delemare, Jop"]
[Black "Croonenborghs, Tom"]
[Result "1-0"]
[WhiteElo "2395"]
[BlackElo "2155"]
[PlyCount "113"]
[EventDate "1997.09.19"]

1. d4 f5 2. g3 Nf6 3. Bg2 d6 4. Nf3 g6 5. b4 Bg7 6. Bb2 O-O 7. c4 c6 8. O-O Qe8
9. Nbd2 Na6 10. Qb3 Nc7 11. Rae1 b5 12. cxb5+ Be6 13. Qc2 Nxb5 14. Ng5 Bxa2 15.
Bxc6 Rc8 16. Rc1 Rxc6 17. Qxc6 Qxc6 18. Rxc6 Nd5 19. Ra6 Nxb4 20. Ra4 a5 21.
Rxa5 Nxd4 22. Bxd4 Bxd4 23. Rxa2 Nxa2 24. Ne6 Bf6 25. Nxf8 Kxf8 26. Rb1 Kf7 27.
Rb7 Nc3 28. e3 Ke6 29. f3 Nd1 30. Rb3 Bg5 31. Nf1 Bf6 32. Kg2 Bg7 33. h4 Bf6
34. Nd2 Bc3 35. Nb1 Bf6 36. Kf1 Nb2 37. Nd2 Na4 38. Kg2 Nc5 39. Rb8 Bg7 40. Nc4
Bf6 41. Na5 Nd7 42. Rb7 Ne5 43. Rc7 Kd5 44. Kf2 Nd3+ 45. Ke2 Ne5 46. Nb3 Nf7
47. Nd4 Ne5 48. Nc2 Ke6 49. Ne1 h6 50. Nc2 Kd5 51. Nd4 Nf7 52. h5 Bxd4 53. Rxe7
Ne5 54. exd4 Nc6 55. Rh7 gxh5 56. Rxh6 Nxd4+ 57. Kf2 1-0

[Event "ECC Grp 3"]
[Site "Slough"]
[Date "1997.09.19"]
[Round "1"]
[White "Lalic, Bogdan"]
[Black "Thinius, Marco"]
[Result "1-0"]
[WhiteElo "2600"]
[BlackElo "2310"]
[PlyCount "69"]
[EventDate "1997.09.19"]

1. d4 Nf6 2. Nf3 e6 3. g3 b5 4. Bg2 Bb7 5. Bg5 c5 6. c3 cxd4 7. Bxf6 Qxf6 8.
cxd4 Bb4+ 9. Nc3 O-O 10. O-O Bxc3 11. bxc3 Na6 12. a4 Nc7 13. axb5 Nxb5 14. Qd3
Nd6 15. Ne5 Bxg2 16. Kxg2 Qe7 17. c4 f6 18. Nf3 f5 19. Rfb1 g5 20. c5 g4 21.
Ne5 Nf7 22. Qe3 Nxe5 23. Qxe5 Rfc8 24. Ra6 h5 25. h4 gxh3+ 26. Kh2 Rf8 27. Qf4
Qg7 28. Rb7 Rf7 29. Raxa7 Rxa7 30. Rxa7 Kh7 31. f3 Qf6 32. Qe5 Qg6 33. Ra8 Rg7
34. Qf4 Qh6 35. Rh8+ 1-0

[Event "ECC Grp 3"]
[Site "Slough"]
[Date "1997.09.19"]
[Round "1"]
[White "Agdestein, Espen"]
[Black "Mohr, Georg"]
[Result "1/2-1/2"]
[WhiteElo "2375"]
[BlackElo "2480"]
[PlyCount "46"]
[EventDate "1997.09.19"]

1. e4 e6 2. d4 d5 3. Nd2 c5 4. Ngf3 Nc6 5. exd5 exd5 6. Bb5 Bd6 7. dxc5 Bxc5 8.
Nb3 Bd6 9. O-O Nge7 10. Bxc6+ bxc6 11. Qd4 O-O 12. Bf4 Bf5 13. Bxd6 Qxd6 14.
Qc3 Rac8 15. Nc5 Bg6 16. Nd4 Nf5 17. Ndb3 Rfe8 18. Rfe1 h6 19. g3 h5 20. Rxe8+
Rxe8 21. Re1 f6 22. Nd3 Rxe1+ 23. Qxe1 h4 1/2-1/2

[Event "ECC Grp 3"]
[Site "Slough"]
[Date "1997.09.19"]
[Round "1"]
[White "Heim, Sverre"]
[Black "Zupe, Miran"]
[Result "1-0"]
[WhiteElo "2400"]
[BlackElo "2410"]
[PlyCount "171"]
[EventDate "1997.09.19"]

1. d4 c6 2. c4 d6 3. Nc3 Nf6 4. Nf3 Bg4 5. g3 Nbd7 6. Bg2 e5 7. O-O Be7 8. h3
Bxf3 9. Bxf3 O-O 10. Bg2 Re8 11. d5 Rc8 12. b3 a6 13. Bd2 cxd5 14. Nxd5 Nxd5
15. Bxd5 Qc7 16. Rc1 Nf6 17. Bg2 Qd7 18. Bg5 e4 19. Qd2 h6 20. Bxf6 Bxf6 21. e3
Qc6 22. Rfd1 Be7 23. h4 Bf8 24. Bh3 Rcd8 25. Qb2 b5 26. Bf1 b4 27. Rd5 Qb6 28.
Rcd1 Rc8 29. Bg2 Rc5 30. Qd4 Rxd5 31. Qxd5 Re5 32. Qa8 g6 33. Bxe4 Kg7 34. Bg2
a5 35. Rd4 Qc7 36. Qf3 Be7 37. Qd1 h5 38. Bd5 Bf6 39. Rf4 Qd7 40. Qf3 Rf5 41.
Rxf5 Qxf5 42. Qxf5 gxf5 43. Bf3 Kg6 44. Bd1 Be5 45. Kf1 Bc3 46. Ke2 Kf6 47. Kd3
Be1 48. Ke2 Bc3 49. Bc2 Ke5 50. Bd3 Bb2 51. Kd1 Kf6 52. e4 fxe4 53. Bxe4 Bd4
54. Ke2 Bc5 55. f4 Bd4 56. Kf3 Kg7 57. g4 hxg4+ 58. Kxg4 Bf6 59. h5 Kf8 60. h6
Ke7 61. h7 Kf8 62. Bf5 Kg7 63. Kf3 Bb2 64. Ke4 Bc1 65. Kd5 Bxf4 66. Kc6 Bg3 67.
Kb5 Bf2 68. Kxa5 Bc5 69. Ka4 Kh8 70. Bb1 Kg7 71. a3 bxa3 72. b4 Bd4 73. Kxa3
Kf8 74. Be4 Ke7 75. Bf5 Kd8 76. Kb3 Kc7 77. Kc2 d5 78. Kd3 Be5 79. cxd5 Kd6 80.
Kc4 Bg7 81. b5 Be5 82. b6 Bg7 83. Kb5 Bd4 84. Ka6 Be5 85. b7 Kc7 86. Ka7 1-0

[Event "ECC Grp 3"]
[Site "Slough"]
[Date "1997.09.19"]
[Round "1"]
[White "Chernin, Alexander"]
[Black "Van der Wiel, John"]
[Result "1-0"]
[WhiteElo "2640"]
[BlackElo "2525"]
[PlyCount "49"]
[EventDate "1997.09.19"]

1. Nf3 d6 2. g3 e5 3. Bg2 f5 4. c4 Nf6 5. b4 e4 6. Nd4 d5 7. cxd5 Nxd5 8. b5
Nf4 9. gxf4 Qxd4 10. Nc3 Bc5 11. e3 Qc4 12. Bb2 O-O 13. Rg1 Rf7 14. Rc1 Qb4 15.
Qc2 Bd6 16. Nd5 Qxb5 17. Nf6+ Kh8 18. Bf1 Qxb2 19. Qxb2 Rxf6 20. Qxf6 gxf6 21.
Bc4 Be6 22. Bxe6 Na6 23. Ke2 Nc5 24. Bxf5 Rd8 25. Rg3 1-0

[Event "ECC Grp 3"]
[Site "Slough"]
[Date "1997.09.19"]
[Round "1"]
[White "Hodgson, Julian"]
[Black "Razuvaev, Yuri"]
[Result "1/2-1/2"]
[WhiteElo "2595"]
[BlackElo "2555"]
[PlyCount "91"]
[EventDate "1997.09.19"]

1. d4 Nf6 2. Bg5 e6 3. e4 h6 4. Bxf6 Qxf6 5. Nc3 d6 6. Qd2 g5 7. O-O-O a6 8. g3
Nd7 9. f4 Bg7 10. Nh3 Qe7 11. Kb1 b5 12. Bg2 Bb7 13. e5 O-O-O 14. a3 b4 15.
Bxb7+ Kxb7 16. Ne4 dxe5 17. fxe5 Nxe5 18. Qg2 Nc6 19. Nc5+ Kb6 20. Qe2 Rxd4 21.
Qxa6+ Kxc5 22. Nf2 Rb8 23. Rxd4 Bxd4 24. Ne4+ Kd5 25. Re1 f5 26. Nd2 Qc5 27.
Qe2 e5 28. g4 Na5 29. Qf3+ Kd6 30. gxf5 Qd5 31. Qe2 Kd7 32. f6 Rf8 33. Rf1 Nb7
34. Qh5 Rf7 35. Qxh6 Qg2 36. Qg6 Nd6 37. Qd3 Qxh2 38. c3 bxc3 39. bxc3 Bb6 40.
Nc4 Qh7 41. Qxh7 Rxh7 42. Nxd6 Rh8 43. Nf7 Rb8 44. Kc2 Be3 45. Nxe5+ Ke6 46.
Nc6 1/2-1/2

[Event "ECC Grp 3"]
[Site "Slough"]
[Date "1997.09.19"]
[Round "1"]
[White "Delemare, Jop"]
[Black "Watzka, Horst"]
[Result "1/2-1/2"]
[WhiteElo "2395"]
[BlackElo "2370"]
[PlyCount "55"]
[EventDate "1997.09.19"]

1. d4 Nf6 2. Nf3 g6 3. Bg5 Bg7 4. Nbd2 d5 5. c3 O-O 6. e3 Nbd7 7. Be2 Re8 8.
O-O e5 9. Nb3 c6 10. Bh4 exd4 11. Nbxd4 Qb6 12. Qc2 Ne5 13. Nxe5 Rxe5 14. b4 a5
15. a3 Re8 16. Rfd1 Ne4 17. Qb3 Nd6 18. Bg3 Nf5 19. Nxf5 Bxf5 20. Bd6 Qd8 21.
Bc5 Qg5 22. Bd4 Be4 23. Bf1 Bxd4 24. Rxd4 b5 25. a4 axb4 26. cxb4 bxa4 27. Rxa4
Rab8 28. Qc3 1/2-1/2

[Event "ECC Grp 3"]
[Site "Slough"]
[Date "1997.09.20"]
[Round "2"]
[White "Lalic, Bogdan"]
[Black "Heim, Sverre"]
[Result "1/2-1/2"]
[WhiteElo "2600"]
[BlackElo "2400"]
[PlyCount "60"]
[EventDate "1997.09.20"]

1. e4 c5 2. Nf3 Nc6 3. d4 cxd4 4. Nxd4 g6 5. c4 Bg7 6. Be3 Nf6 7. Nc3 Ng4 8.
Qxg4 Nxd4 9. Qd1 e5 10. Qd2 O-O 11. Nb5 Qe7 12. O-O-O Nxb5 13. cxb5 d5 14. exd5
Rd8 15. d6 Qe6 16. Kb1 Bf8 17. Bc5 b6 18. Bb4 Bb7 19. h4 Bxd6 20. Bxd6 Rd7 21.
f4 exf4 22. Qxf4 Rad8 23. Bc4 Be4+ 24. Ka1 Qxc4 25. Rc1 Qe6 26. Be5 f6 27. Qxf6
Qxf6 28. Bxf6 Rf8 29. Bg5 Bxg2 30. Rhd1 Rxd1 1/2-1/2

[Event "ECC Grp 3"]
[Site "Slough"]
[Date "1997.09.20"]
[Round "2"]
[White "Kosten, Anthony"]
[Black "Moen, Ole Chr"]
[Result "1-0"]
[WhiteElo "2530"]
[BlackElo "2275"]
[PlyCount "67"]
[EventDate "1997.09.20"]

1. c4 e5 2. Nc3 Nf6 3. Nf3 Nc6 4. d4 exd4 5. Nxd4 Bb4 6. Bg5 h6 7. Bh4 O-O 8.
Rc1 Re8 9. e3 Re4 10. Bxf6 Qxf6 11. Ndb5 Qd8 12. Be2 a6 13. a3 Bxc3+ 14. Nxc3
Re8 15. O-O d6 16. Qc2 Ne5 17. Rfd1 Bd7 18. h3 Rc8 19. Rd2 Qh4 20. Rd4 Qe7 21.
Nd5 Qf8 22. Rd2 Bc6 23. Nb4 Bd7 24. c5 a5 25. Nd5 Re6 26. f4 Nc6 27. Bg4 Qe8
28. Bxe6 fxe6 29. Nc3 dxc5 30. Rcd1 Nb8 31. Qe4 b6 32. f5 e5 33. Rxd7 Nxd7 34.
Qd5+ 1-0

[Event "ECC Grp 3"]
[Site "Slough"]
[Date "1997.09.20"]
[Round "2"]
[White "Poldauf, Dirk"]
[Black "Short, Philip"]
[Result "1-0"]
[WhiteElo "2455"]
[BlackElo "2295"]
[PlyCount "78"]
[EventDate "1997.09.20"]

1. c4 Nf6 2. Nc3 d6 3. g3 g6 4. Bg2 Bg7 5. d4 O-O 6. Nf3 c5 7. dxc5 dxc5 8. O-O
Nc6 9. Bf4 Be6 10. Ne5 Na5 11. Qa4 Qb6 12. Nd5 Bxd5 13. cxd5 Rfc8 14. Rfd1 Nh5
15. d6 Nxf4 16. Qxf4 Bxe5 17. Qxe5 exd6 18. Rxd6 Nc6 19. Qf6 Rd8 20. Rad1 Rxd6
21. Rxd6 Rd8 22. Bd5 Qc7 23. Rxc6 bxc6 24. Bxf7+ Qxf7 25. Qxd8+ Kg7 26. Qa5 Qe7
27. Qc3+ Kg8 28. Qc4+ Kg7 29. Kg2 h5 30. a4 Kh7 31. a5 Kg7 32. a6 Kh7 33. h4
Kg7 34. f3 g5 35. hxg5 Qxg5 36. Qe6 Qd2 37. Qe5+ Kg6 38. Kf2 Qd7 39. Qxc5 Kf7
1-0

[Event "ECC Grp 3"]
[Site "Slough"]
[Date "1997.09.20"]
[Round "2"]
[White "Ribli, Zoltan"]
[Black "Van Mil, Johann"]
[Result "1-0"]
[WhiteElo "2570"]
[BlackElo "2420"]
[PlyCount "72"]
[EventDate "1997.09.20"]

1. c4 g6 2. Nc3 Bg7 3. g3 e5 4. Bg2 Nc6 5. e4 d6 6. d3 f5 7. Nge2 Nf6 8. O-O
O-O 9. Nd5 Be6 10. Bg5 Qd7 11. Qd2 Nh5 12. exf5 Bxf5 13. b4 Kh8 14. b5 Nd8 15.
a4 c6 16. bxc6 bxc6 17. Ndc3 Ne6 18. Be3 Nf6 19. f3 Nc5 20. Rad1 Rab8 21. g4
Nb3 22. Qe1 Be6 23. h3 d5 24. d4 exd4 25. Nxd4 Nxd4 26. Bxd4 Rfe8 27. Qf2 Rb4
28. cxd5 Nxd5 29. Ne4 Bxd4 30. Rxd4 Rxd4 31. Qxd4+ Qg7 32. Qc5 Nf4 33. Qxc6
Qd4+ 34. Kh1 Rc8 35. Qb5 Rf8 36. Rc1 Bd5 {Scoresheet illegible} 1-0

[Event "ECC Grp 3"]
[Site "Slough"]
[Date "1997.09.21"]
[Round "Finale"]
[White "Stanec, Nikolaus"]
[Black "Kosten, Anthony"]
[Result "0-1"]
[WhiteElo "2465"]
[BlackElo "2530"]
[PlyCount "212"]
[EventDate "1997.09.21"]

1. d4 Nf6 2. c4 e6 3. Nf3 Bb4+ 4. Bd2 Qe7 5. g3 Nc6 6. Bg2 Bxd2+ 7. Qxd2 Ne4 8.
Qc2 Qb4+ 9. Nc3 Nxc3 10. Qxc3 Qxc3+ 11. bxc3 Na5 12. Nd2 Rb8 13. c5 b6 14. Nb3
Ba6 15. Bf3 Ke7 16. O-O Nb7 17. Rfb1 d5 18. e4 Bd3 19. Re1 dxe4 20. Bxe4 Bxe4
21. Rxe4 Rhd8 22. Rae1 a5 23. Re5 a4 24. cxb6 cxb6 25. Nd2 Rbc8 26. R1e3 Rc6
27. Rb5 Nd6 28. Rb4 Rdc8 29. Rxa4 Rxc3 30. Rxc3 Rxc3 31. Ra7+ Kd8 32. Kg2 Rc7
33. Ra6 Rc2 34. Ra8+ Kc7 35. Nf3 Kb7 36. Rd8 Ne4 37. Rd7+ Rc7 38. Rd8 Nc3 39.
a3 Nb5 40. d5 exd5 41. Rxd5 Nxa3 42. Nd4 Ka6 43. Kf3 b5 44. Ke4 Ka5 45. Kd3 Ka4
46. Rd8 Nc4 47. Rb8 Ne5+ 48. Ke4 Nc6 49. Ra8+ Kb4 50. Nf5 g6 51. Ne3 Rd7 52.
Nd5+ Kb3 53. Nf6 Re7+ 54. Kd5 Nb4+ 55. Kd4 h5 56. Ne4 Nc2+ 57. Kd5 Nb4+ 58. Kd4
Rd7+ 59. Ke5 Nd3+ 60. Kf6 b4 61. f4 h4 62. Ng5 hxg3 63. hxg3 Rc7 64. Nxf7 Rc6+
65. Kg7 Kc2 66. Rb8 b3 67. Ne5 Nxe5 68. fxe5 Re6 69. g4 g5 70. Rb5 b2 71. Rc5+
Kd3 72. Rb5 Kc3 73. Kf7 Rxe5 74. Rxe5 b1=Q 75. Rxg5 Kd4 76. Rg6 Ke5 77. Kg7 Kf4
78. Kf6 Qb7 79. Ke6 Qh7 80. Kf6 Qh8+ 81. Kf7 Qh7+ 82. Kf6 Qd7 83. Rg7 Qd8+ 84.
Kf7 Ke5 85. Rg6 Qd7+ 86. Kg8 Qe7 87. Kh8 Qf7 88. Rg7 Qe8+ 89. Rg8 Qe7 90. Rg6
Qf7 91. Rg7 Qf6 92. Kh7 Qh4+ 93. Kg8 Kf6 94. Rf7+ Ke6 95. Rg7 Qh6 96. Rh7 Qd2
97. Rg7 Qd3 98. Kh8 Kf6 99. Kg8 Qd8+ 100. Kh7 Qe8 101. g5+ Kf5 102. g6 Kf6 103.
Rg8 Qe4 104. Rg7 Qd3 105. Kh8 Qh3+ 106. Kg8 Qh6 0-1

[Event "ECC Grp 3"]
[Site "Slough"]
[Date "1997.09.21"]
[Round "Finale"]
[White "Summerscale, Aaron"]
[Black "Felsberger, Alfred"]
[Result "0-1"]
[WhiteElo "2420"]
[BlackElo "2375"]
[PlyCount "86"]
[EventDate "1997.09.21"]

1. Nf3 Nf6 2. c4 c5 3. Nc3 b6 4. g3 Bb7 5. Bg2 e6 6. O-O a6 7. Re1 d6 8. e4 Be7
9. d4 cxd4 10. Nxd4 Qc7 11. Be3 O-O 12. Rc1 Nbd7 13. f4 Rac8 14. b3 Rfe8 15.
Bf2 Bf8 16. h3 g6 17. Nde2 Qb8 18. g4 b5 19. Ng3 h6 20. cxb5 axb5 21. Nxb5 Rxc1
22. Qxc1 Rc8 23. Qd1 Ba6 24. Nd4 e5 25. Nde2 d5 26. g5 $6 (26. fxe5 $16) 26...
exf4 27. gxf6 fxg3 28. Bxg3 $2 (28. Nxg3 $15) 28... Bxe2 $1 $19 29. Bxb8 Bxd1
30. Rxd1 Rxb8 31. exd5 Nxf6 32. Bf1 Ne4 33. Kg2 Rd8 34. Bc4 Kg7 35. a4 Bb4 36.
Rd4 f5 37. Bb5 Bc5 38. Rd3 Kf6 39. a5 Ke5 40. Bc4 g5 41. a6 h5 42. Rd1 g4 43.
Rb1 f4 0-1

[Event "ECC Grp 3"]
[Site "Slough"]
[Date "1997.09.21"]
[Round "Match um Platz 3"]
[White "Van der Wiel, John"]
[Black "Gausel, Einar"]
[Result "1/2-1/2"]
[WhiteElo "2525"]
[BlackElo "2540"]
[PlyCount "47"]
[EventDate "1997.09.21"]

1. e4 Nf6 2. e5 Nd5 3. d4 d6 4. Nf3 dxe5 5. Nxe5 g6 6. Bc4 c6 7. O-O Bg7 8. Re1
O-O 9. Bb3 Nd7 10. Nf3 N7f6 11. Bg5 a5 12. c3 Bg4 13. Nbd2 h6 14. Bxf6 Bxf6 15.
a4 e6 16. h3 Bxf3 17. Qxf3 Bg7 18. Ne4 Qc7 19. g3 Rad8 20. h4 Qb6 21. Bc4 h5
22. Re2 Rd7 23. Rae1 Qd8 24. Bb3 1/2-1/2

[Event "ECC Grp 3"]
[Site "Slough"]
[Date "1997.09.21"]
[Round "Match um Platz 5"]
[White "Poldauf, Dirk"]
[Black "Van Mil, Johann"]
[Result "1/2-1/2"]
[WhiteElo "2455"]
[BlackElo "2420"]
[PlyCount "128"]
[EventDate "1997.09.21"]

1. c4 g6 2. Nc3 Bg7 3. g3 e5 4. Bg2 Nc6 5. e3 d6 6. Nge2 f5 7. O-O Nf6 8. d3
O-O 9. Rb1 Be6 10. Nd5 Qd7 11. b4 Nd8 12. b5 Bf7 13. Bb2 a6 14. a4 Nxd5 15.
cxd5 axb5 16. axb5 Ra5 17. b6 c6 18. Bc3 Ra6 19. e4 cxd5 20. exd5 g5 21. f4 Bh5
22. Qd2 exf4 23. Bxg7 Qxg7 24. gxf4 Bxe2 25. Qxe2 Nf7 26. fxg5 Nxg5 27. h4 Qd4+
28. Qf2 Qxf2+ 29. Rxf2 Nf7 30. Rxf5 Ne5 31. Rg5+ Kh8 32. Be4 h6 33. Rg3 Rg8 34.
Rxg8+ Kxg8 35. Kf2 Kf7 36. Ke3 Nd7 37. Rf1+ Nf6 38. Rb1 Nd7 39. Rc1 Kf6 40. Rc7
Nc5 41. Rh7 Rxb6 42. Rxh6+ Ke7 43. Rh7+ Kf6 44. h5 Rb2 45. Bg6 b5 46. Rf7+ Kg5
47. Rf5+ Kh6 48. Rf6 Nb7 49. Rf7 Nc5 50. d4 Na4 51. Rf6 Nb6 52. Bd3+ Kxh5 53.
Rxd6 Nc4+ 54. Bxc4 bxc4 55. Rf6 Kg5 56. Rf1 Rb8 57. Kd2 Rb3 58. Kc2 Rd3 59. Rd1
Rxd1 60. Kxd1 Kf6 61. Kc2 Ke7 62. Kc3 Kd7 63. Kxc4 Kc7 64. Kb4 Kd6 {(This is th
e score received by me, but it must be incorrect. I suspect 63...Kd6 was
played for a draw. In the position as given White is winning)} 1/2-1/2

[Event "ECC Grp 3"]
[Site "Slough"]
[Date "1997.09.21"]
[Round "Match um Platz 7"]
[White "Mohr, Georg"]
[Black "O'Cinneide, Mel"]
[Result "1/2-1/2"]
[WhiteElo "2480"]
[BlackElo "2285"]
[PlyCount "75"]
[EventDate "1997.09.21"]

1. e4 d5 2. exd5 Qxd5 3. Nc3 Qa5 4. d4 Nf6 5. Bd2 c6 6. Bc4 Bf5 7. Nd5 Qd8 8.
Nxf6+ gxf6 9. c3 e6 10. Ne2 Bd6 11. Ng3 Bg6 12. Bh6 Nd7 13. h4 Bxg3 14. fxg3
Qa5 15. Qe2 Qh5 16. Qe3 Qf5 17. Be2 Qe4 18. Kf2 Rg8 19. g4 Bf5 20. Qxe4 Bxe4
21. Be3 Ke7 22. Rhe1 Rad8 23. g3 Rc8 24. g5 f5 25. g4 Nb6 26. gxf5 Bxf5 27. c4
Na4 28. b3 Nc3 29. Bf3 Ne4+ 30. Ke2 Rcd8 31. Rac1 Ng3+ 32. Kf2 Ne4+ 33. Ke2
Ng3+ 34. Kf2 Ne4+ 35. Kf1 Bh3+ 36. Kg1 Bf5 37. Kh2 a6 38. Rcd1 {
etc - both scoresheets illegible} 1/2-1/2